000 00441nam a2200181Ia 4500
001 24648
005 20260414151057.0
008 260414t1997||||xx |||||||||||||| ||spa||
041 _aESP
082 _a345.721
_bD41
100 _aDecoster, Jean-Jacques
_eAUT
245 0 _aJusticia y poder Cuzco, siglos XVI-XVII
_b
260 _c1997
300 _a303 páginas :
_ccm.
650 _aDER
654 _aCDE
942 _cLIB
_dJUS
_fJUS
_2ddc
_n
999 _c24648
_d24648